00441nam a2200133Ia 4500008004100000024004800041082001700089100005000106245004900156260002600205600002100231650003800252999001700290260210s9999 xx 000 0 und d a10B-42-BS , 10B-114-BS & 10B-116-BS a005.1072 SAN aSania Jamil, Talha Baig & Rameesha Fareed 0aMedical Symptom Identifier (MIS) (code book) aKarachi:bUITU,c2010 aComputer Science aBachelor of Computer Science (BS) c32140d32140